[Event "World Cup 2023 Open"]
[Site "Baku, Azerbaijan"]
[Date "????.??.??"]
[Round "34.9"]
[White "Duda Jan-Krzysztof (POL)"]
[Black "Maghsoodloo Parham (IRI)"]
[Result "1/2-1/2"]
[WhiteFideId "1170546"]
[BlackFideId "12539929"]
[WhiteElo "2732"]
[BlackElo "2719"]

1. e4 {[%clk 00:10:19]} {[%emt 00:00:01]} g6 {[%emt 00:00:03]} 2. d4 {[%clk
00:10:27]} Bg7 {[%clk 00:10:27]} {[%emt 00:00:01]} 3. Nf3 {[%clk 00:10:35]}
{[%emt 00:00:02]} b6 {[%clk 00:10:36]} {[%emt 00:00:02]} 4. Bd3 {[%clk
00:10:26]} {[%emt 00:00:19]} Bb7 {[%clk 00:10:44]} {[%emt 00:00:02]} 5. O-O
{[%clk 00:10:34]} {[%emt 00:00:02]} d6 {[%clk 00:10:52]} {[%emt 00:00:02]} 6.
Re1 {[%clk 00:10:41]} {[%emt 00:00:03]} e6 {[%clk 00:11:00]} {[%emt 00:00:03]}
7. Nbd2 {[%clk 00:10:46]} {[%emt 00:00:05]} Nd7 {[%clk 00:11:08]} {[%emt
00:00:02]} 8. Nf1 {[%clk 00:10:52]} {[%emt 00:00:03]} h6 {[%clk 00:11:17]}
{[%emt 00:00:02]} 9. c3 {[%clk 00:10:55]} {[%emt 00:00:07]} Ne7 {[%clk
00:10:36]} {[%emt 00:00:51]} 10. Bd2 {[%clk 00:10:08]} {[%emt 00:00:57]} a6
{[%clk 00:10:43]} {[%emt 00:00:03]} 11. a4 {[%clk 00:10:16]} {[%emt 00:00:03]}
O-O {[%clk 00:08:59]} {[%emt 00:01:54]} 12. Qc1 {[%clk 00:09:46]} {[%emt
00:00:39]} Kh7 {[%clk 00:08:35]} {[%emt 00:00:34]} 13. h4 {[%clk 00:09:22]}
{[%emt 00:00:34]} f5 {[%clk 00:07:53]} {[%emt 00:00:52]} 14. h5 {[%clk
00:08:30]} {[%emt 00:01:02]} fxe4 {[%clk 00:06:29]} {[%emt 00:01:35]} 15. Bxe4
{[%clk 00:07:56]} {[%emt 00:00:43]} Bxe4 {[%clk 00:06:37]} {[%emt 00:00:03]} 16.
Rxe4 {[%clk 00:08:05]} {[%emt 00:00:01]} e5 {[%clk 00:06:46]} {[%emt 00:00:01]}
17. dxe5 {[%clk 00:05:07]} {[%emt 00:03:08]} Nc5 {[%clk 00:06:55]} 18. hxg6+
{[%clk 00:05:15]} {[%emt 00:00:02]} Kg8 {[%clk 00:06:48]} {[%emt 00:00:18]} 19.
Qc2 {[%clk 00:03:32]} {[%emt 00:01:52]} Nxe4 {[%clk 00:06:56]} {[%emt
00:00:02]} 20. Qxe4 {[%clk 00:03:41]} {[%emt 00:00:01]} dxe5 {[%clk 00:07:00]}
{[%emt 00:00:06]} 21. Nxe5 {[%clk 00:03:10]} {[%emt 00:00:41]} Bxe5 {[%clk
00:06:10]} {[%emt 00:01:00]} 22. Qxe5 {[%clk 00:03:06]} {[%emt 00:00:13]} Nxg6
{[%clk 00:06:19]} {[%emt 00:00:01]} 23. Qg3 {[%clk 00:02:56]} {[%emt 00:00:20]}
Kh7 {[%clk 00:06:10]} {[%emt 00:00:19]} 24. Re1 {[%clk 00:02:54]} {[%emt
00:00:12]} Qf6 {[%clk 00:04:39]} {[%emt 00:01:40]} 25. Nh2 {[%clk 00:02:00]}
{[%emt 00:01:04]} Qd6 {[%clk 00:03:20]} {[%emt 00:01:30]} 26. Qxd6 {[%clk
00:02:01]} {[%emt 00:00:10]} cxd6 {[%clk 00:03:29]} {[%emt 00:00:01]} 27. Nf3
{[%clk 00:02:09]} {[%emt 00:00:02]} Rfe8 {[%clk 00:03:32]} {[%emt 00:00:07]} 28.
Be3 {[%clk 00:02:11]} {[%emt 00:00:08]} b5 {[%clk 00:03:02]} {[%emt 00:00:40]}
29. axb5 {[%clk 00:01:42]} {[%emt 00:00:38]} axb5 {[%clk 00:03:12]} 30. Rd1
{[%clk 00:01:51]} Ra2 {[%clk 00:02:13]} {[%emt 00:01:09]} 31. b4 {[%clk
00:01:52]} {[%emt 00:00:09]} Rc2 {[%clk 00:02:07]} {[%emt 00:00:13]} 32. Rxd6
{[%clk 00:01:41]} {[%emt 00:00:23]} Rxc3 {[%emt 00:00:03]} 33. Rb6 {[%clk
00:01:50]} Re4 {[%clk 00:01:53]} {[%emt 00:00:32]} 34. Rb7+ {[%clk 00:01:49]}
{[%emt 00:00:11]} Kg8 {[%clk 00:01:12]} {[%emt 00:00:51]} 35. Rxb5 {[%clk
00:00:42]} {[%emt 00:01:18]} Rg4 {[%clk 00:00:28]} {[%emt 00:00:54]} 36. g3
{[%clk 00:00:41]} {[%emt 00:00:11]} Rb3 {[%clk 00:00:26]} {[%emt 00:00:12]} 37.
Kg2 {[%clk 00:00:43]} {[%emt 00:00:08]} Rb2 {[%clk 00:00:16]} {[%emt 00:00:21]}
38. Bxh6 {[%clk 00:00:38]} {[%emt 00:00:14]} Rc4 {[%clk 00:00:19]} {[%emt
00:00:07]} 39. Rb7 {[%clk 00:00:35]} {[%emt 00:00:13]} Rcc2 {[%clk 00:00:21]}
{[%emt 00:00:08]} 40. Rg7+ {[%clk 00:00:30]} {[%emt 00:00:15]} Kh8 {[%clk
00:00:30]} {[%emt 00:00:01]} 41. Rxg6 {[%clk 00:00:38]} {[%emt 00:00:01]} Rxf2+
{[%clk 00:00:39]} {[%emt 00:00:01]} 42. Kh3 {[%clk 00:00:47]} Rxf3 {[%clk
00:00:48]} {[%emt 00:00:01]} 43. Bg7+ {[%clk 00:00:56]} {[%emt 00:00:01]} Kh7
{[%clk 00:00:57]} {[%emt 00:00:01]} 44. Bxb2 {[%clk 00:01:04]} {[%emt
00:00:02]} Kxg6 {[%clk 00:01:06]} {[%emt 00:00:01]} 45. Bd4 {[%clk 00:01:12]}
{[%emt 00:00:01]} Kf5 {[%clk 00:00:21]} {[%emt 00:00:55]} 46. b5 {[%clk
00:01:16]} {[%emt 00:00:06]} Rd3 {[%clk 00:00:29]} {[%emt 00:00:03]} 47. Bg1
{[%clk 00:01:17]} {[%emt 00:00:08]} Ke4 {[%clk 00:00:34]} {[%emt 00:00:05]} 48.
Ba7 {[%clk 00:00:26]} {[%emt 00:01:01]} Rd7 {[%clk 00:00:37]} {[%emt 00:00:08]}
49. Bb8 {[%clk 00:00:21]} {[%emt 00:00:15]} Kf3 {[%clk 00:00:32]} {[%emt
00:00:15]} 50. Kh4 {[%clk 00:00:27]} {[%emt 00:00:04]} Rb7 {[%clk 00:00:39]}
{[%emt 00:00:03]} 51. Bf4 {[%clk 00:00:31]} {[%emt 00:00:04]} Rxb5 {[%clk
00:00:47]} {[%emt 00:00:02]} 52. Bd6 {[%clk 00:00:38]} {[%emt 00:00:03]} Rb6
{[%clk 00:00:49]} {[%emt 00:00:09]} 53. Bf4 {[%clk 00:00:45]} {[%emt 00:00:03]}
Rg6 {[%clk 00:00:57]} {[%emt 00:00:02]} 54. Kh5 {[%clk 00:00:49]} {[%emt
00:00:07]} Rg8 {[%clk 00:01:06]} 55. Kh6 {[%clk 00:00:49]} {[%emt 00:00:10]}
Ke4 {[%clk 00:01:13]} {[%emt 00:00:04]} 56. Kh7 {[%clk 00:00:56]} {[%emt
00:00:02]} Rg4 {[%clk 00:01:21]} {[%emt 00:00:02]} 57. Kh6 {[%clk 00:00:56]}
{[%emt 00:00:10]} Kf5 {[%clk 00:01:29]} {[%emt 00:00:02]} 58. Kh7 {[%clk
00:00:58]} {[%emt 00:00:07]} Rg6 {[%clk 00:01:38]} {[%emt 00:00:02]} 59. Bb8
{[%clk 00:01:04]} {[%emt 00:00:04]} Kf6 {[%clk 00:01:40]} {[%emt 00:00:08]} 60.
Be5+ {[%clk 00:01:05]} {[%emt 00:00:09]} Kf7 {[%clk 00:01:49]} {[%emt
00:00:02]} 61. Bf4 {[%clk 00:01:13]} {[%emt 00:00:01]} Rb6 {[%clk 00:01:47]}
{[%emt 00:00:12]} 62. Bg5 {[%clk 00:01:21]} {[%emt 00:00:02]} Re6 {[%clk
00:01:50]} {[%emt 00:00:07]} 63. Bf4 {[%clk 00:01:15]} {[%emt 00:00:17]} Kf6
{[%clk 00:01:58]} {[%emt 00:00:02]} 64. Kh6 {[%clk 00:01:19]} {[%emt 00:00:05]}
Re8 {[%clk 00:02:06]} {[%emt 00:00:02]} 65. Bg5+ {[%clk 00:01:21]} {[%emt
00:00:09]} Kf5 {[%clk 00:02:13]} {[%emt 00:00:03]} 66. Bf4 {[%clk 00:01:29]}
Rg8 {[%clk 00:02:22]} {[%emt 00:00:02]} 67. Kh7 {[%clk 00:01:34]} {[%emt
00:00:05]} Rg6 {[%clk 00:02:31]} {[%emt 00:00:02]} 68. Bc7 {[%clk 00:01:42]}
{[%emt 00:00:01]} Kf6 {[%clk 00:02:33]} {[%emt 00:00:07]} 69. Be5+ {[%clk
00:01:50]} {[%emt 00:00:01]} Kf7 {[%clk 00:02:43]} {[%emt 00:00:01]} 70. Bf4
{[%clk 00:01:59]} Rf6 {[%clk 00:02:51]} {[%emt 00:00:02]} 71. Bg5 {[%clk
00:02:04]} {[%emt 00:00:05]} Rf1 {[%clk 00:02:59]} {[%emt 00:00:02]} 72. Kh6
{[%clk 00:02:10]} {[%emt 00:00:04]} Ke6 {[%clk 00:02:36]} {[%emt 00:00:33]} 73.
Kg6 {[%clk 00:02:17]} {[%emt 00:00:02]} Rf8 {[%clk 00:02:43]} {[%emt 00:00:04]}
74. Kg7 {[%clk 00:02:13]} {[%emt 00:00:14]} Ra8 {[%clk 00:02:49]} {[%emt
00:00:03]} 75. Bf4 {[%clk 00:02:17]} {[%emt 00:00:07]} Kf5 {[%clk 00:02:57]}
{[%emt 00:00:02]} 76. Kf7 {[%clk 00:02:25]} {[%emt 00:00:02]} Ra7+ {[%clk
00:03:06]} 77. Ke8 {[%clk 00:02:34]} Ke6 {[%clk 00:03:15]} {[%emt 00:00:02]} 78.
Kd8 {[%clk 00:02:42]} {[%emt 00:00:02]} Kd5 {[%clk 00:03:20]} {[%emt 00:00:06]}
79. Kc8 {[%clk 00:02:48]} {[%emt 00:00:03]} Kc6 {[%clk 00:03:28]} {[%emt
00:00:02]} 80. Kd8 {[%clk 00:02:57]} Rh7 {[%clk 00:03:35]} {[%emt 00:00:03]} 81.
Ke8 {[%clk 00:03:05]} {[%emt 00:00:02]} Kd5 {[%clk 00:03:41]} {[%emt 00:00:05]}
82. Kd8 {[%clk 00:03:13]} {[%emt 00:00:01]} Ke6 {[%clk 00:03:50]} {[%emt
00:00:02]} 83. Kc8 {[%clk 00:03:22]} {[%emt 00:00:01]} Rd7 {[%clk 00:03:41]}
{[%emt 00:00:19]} 84. Bc7 {[%clk 00:03:29]} {[%emt 00:00:03]} Rd3 {[%clk
00:03:48]} {[%emt 00:00:04]} 85. Bf4 {[%clk 00:03:34]} {[%emt 00:00:05]} Rc3+
{[%clk 00:03:54]} {[%emt 00:00:04]} 86. Kb7 {[%clk 00:03:42]} {[%emt 00:00:01]}
Kd5 {[%clk 00:03:57]} {[%emt 00:00:07]} 87. Kb6 {[%clk 00:03:50]} {[%emt
00:00:02]} Rb3+ {[%clk 00:04:02]} {[%emt 00:00:04]} 88. Kc7 {[%clk 00:03:59]}
{[%emt 00:00:02]} Rb1 {[%clk 00:04:10]} {[%emt 00:00:03]} 89. Kd7 {[%clk
00:04:03]} {[%emt 00:00:06]} Rb7+ {[%clk 00:04:16]} {[%emt 00:00:04]} 90. Kd8
{[%clk 00:04:12]} {[%emt 00:00:01]} Rf7 {[%clk 00:04:20]} {[%emt 00:00:05]} 91.
Ke8 {[%clk 00:04:17]} {[%emt 00:00:05]} Rxf4 {[%clk 00:04:26]} {[%emt
00:00:05]} 92. gxf4 {[%clk 00:04:26]} {[%emt 00:00:01]} Ke4 {[%clk 00:04:35]}
93. f5 {[%clk 00:04:35]} {[%emt 00:00:01]} Kxf5 {[%clk 00:04:43]} 1/2-1/2

[Event "World Cup 2023 Open"]
[Site "Baku, Azerbaijan"]
[Date "????.??.??"]
[Round "35.6"]
[White "Wang Hao (CHN)"]
[Black "Svane Rasmus (GER)"]
[Result "1/2-1/2"]
[WhiteClock "00:00:34"]
[BlackClock "00:00:16"]
[WhiteFideId "8602883"]
[BlackFideId "4657101"]
[WhiteElo "2709"]
[BlackElo "2625"]

1. e4 {[%clk 00:05:04]} e5 {[%clk 00:05:05]} {[%emt 00:00:01]} 2. Nf3 {[%clk
00:05:06]} {[%emt 00:00:01]} Nc6 {[%clk 00:05:07]} 3. Bb5 {[%clk 00:05:08]} a6
{[%clk 00:05:10]} {[%emt 00:00:01]} 4. Ba4 {[%clk 00:05:11]} Nf6 {[%clk
00:05:11]} 5. O-O {[%clk 00:05:12]} {[%emt 00:00:01]} Be7 {[%clk 00:05:13]} 6.
Re1 {[%clk 00:05:15]} {[%emt 00:00:01]} b5 {[%clk 00:05:16]} {[%emt 00:00:01]}
7. Bb3 {[%clk 00:05:17]} O-O {[%clk 00:05:16]} {[%emt 00:00:02]} 8. a4 {[%clk
00:05:19]} {[%emt 00:00:01]} Bb7 {[%clk 00:05:18]} {[%emt 00:00:01]} 9. d3
{[%clk 00:05:20]} {[%emt 00:00:02]} d6 {[%clk 00:05:19]} {[%emt 00:00:01]} 10.
Nbd2 {[%clk 00:05:19]} {[%emt 00:00:04]} Nd7 {[%clk 00:05:21]} {[%emt
00:00:01]} 11. Nf1 {[%clk 00:05:21]} {[%emt 00:00:01]} Nc5 {[%clk 00:05:22]}
{[%emt 00:00:02]} 12. axb5 {[%clk 00:05:22]} {[%emt 00:00:02]} axb5 {[%clk
00:05:24]} {[%emt 00:00:02]} 13. Rxa8 {[%clk 00:05:23]} {[%emt 00:00:02]} Qxa8
{[%clk 00:05:25]} {[%emt 00:00:01]} 14. Bd5 {[%clk 00:05:25]} {[%emt 00:00:02]}
Nd8 {[%clk 00:05:27]} {[%emt 00:00:01]} 15. Bxb7 {[%clk 00:05:26]} {[%emt
00:00:02]} Qxb7 {[%clk 00:05:29]} {[%emt 00:00:01]} 16. Ne3 {[%clk 00:05:27]}
{[%emt 00:00:02]} Nde6 {[%clk 00:05:31]} {[%emt 00:00:01]} 17. Nf5 {[%clk
00:05:28]} {[%emt 00:00:02]} Bf6 {[%clk 00:05:33]} 18. h4 {[%clk 00:05:30]}
{[%emt 00:00:01]} b4 {[%clk 00:05:35]} {[%emt 00:00:01]} 19. b3 {[%clk
00:05:32]} {[%emt 00:00:01]} Ra8 {[%clk 00:05:37]} 20. Be3 {[%clk 00:05:33]}
{[%emt 00:00:01]} Qb8 {[%clk 00:05:25]} {[%emt 00:00:15]} 21. Ng5 {[%clk
00:05:24]} {[%emt 00:00:12]} Bxg5 {[%clk 00:04:29]} {[%emt 00:00:59]} 22. hxg5
{[%clk 00:05:25]} {[%emt 00:00:01]} Qe8 {[%clk 00:04:30]} {[%emt 00:00:01]} 23.
g3 {[%clk 00:05:00]} {[%emt 00:00:28]} Nd7 {[%clk 00:03:28]} {[%emt 00:01:05]}
24. Kg2 {[%clk 00:04:25]} {[%emt 00:00:39]} Ra2 {[%clk 00:02:55]} {[%emt
00:00:36]} 25. Bd2 {[%clk 00:04:07]} {[%emt 00:00:21]} g6 {[%clk 00:02:40]}
{[%emt 00:00:19]} 26. Nh6+ {[%clk 00:04:03]} {[%emt 00:00:07]} Kg7 {[%clk
00:02:42]} 27. Rh1 {[%clk 00:03:18]} {[%emt 00:00:48]} Nd4 {[%clk 00:02:28]}
{[%emt 00:00:17]} 28. Ng4 {[%clk 00:02:51]} {[%emt 00:00:30]} Rxc2 {[%clk
00:01:54]} {[%emt 00:00:36]} 29. Bxb4 {[%clk 00:02:37]} {[%emt 00:00:17]} Qb8
{[%clk 00:01:39]} {[%emt 00:00:18]} 30. Ne3 {[%clk 00:02:21]} {[%emt 00:00:20]}
Rxf2+ {[%clk 00:01:13]} {[%emt 00:00:29]} 31. Kxf2 {[%clk 00:02:21]} {[%emt
00:00:02]} Qxb4 {[%clk 00:01:14]} {[%emt 00:00:02]} 32. Nd5 {[%clk 00:01:48]}
{[%emt 00:00:37]} Qa5 {[%clk 00:01:17]} 33. Kg2 {[%clk 00:01:47]} {[%emt
00:00:03]} c6 {[%clk 00:00:59]} {[%emt 00:00:21]} 34. Ne3 {[%clk 00:01:26]}
{[%emt 00:00:24]} Qa2+ {[%clk 00:00:57]} {[%emt 00:00:05]} 35. Kh3 {[%clk
00:01:27]} {[%emt 00:00:02]} Nc5 {[%clk 00:00:57]} {[%emt 00:00:04]} 36. Rh2
{[%clk 00:01:07]} {[%emt 00:00:22]} Qa7 {[%clk 00:00:43]} {[%emt 00:00:17]} 37.
Qf1 {[%clk 00:00:48]} {[%emt 00:00:22]} Qe7 {[%clk 00:00:37]} {[%emt 00:00:10]}
38. Kg2 {[%clk 00:00:40]} {[%emt 00:00:11]} Qxg5 {[%clk 00:00:36]} {[%emt
00:00:04]} 39. Rxh7+ {[%clk 00:00:30]} {[%emt 00:00:13]} Kxh7 {[%clk 00:00:35]}
{[%emt 00:00:04]} 40. Qxf7+ {[%clk 00:00:31]} {[%emt 00:00:01]} Kh6 {[%clk
00:00:20]} {[%emt 00:00:18]} 41. Qf8+ {[%clk 00:00:32]} {[%emt 00:00:02]} Kh7
{[%clk 00:00:18]} {[%emt 00:00:06]} 42. Qf7+ {[%clk 00:00:33]} {[%emt
00:00:02]} Kh8 {[%clk 00:00:19]} {[%emt 00:00:02]} 43. Qf8+ {[%clk 00:00:34]}
{[%emt 00:00:01]} 1/2-1/2

[Event "World Cup 2023 Open"]
[Site "Baku, Azerbaijan"]
[Date "????.??.??"]
[Round "36.6"]
[White "Svane Rasmus (GER)"]
[Black "Wang Hao (CHN)"]
[Result "1/2-1/2"]
[WhiteFideId "4657101"]
[BlackFideId "8602883"]
[WhiteElo "2625"]
[BlackElo "2709"]

1. d4 {[%clk 00:05:05]} Nf6 {[%clk 00:05:04]} {[%emt 00:00:02]} 2. Nf3 {[%clk
00:05:07]} d5 {[%clk 00:05:06]} {[%emt 00:00:01]} 3. Bf4 {[%clk 00:05:09]}
{[%emt 00:00:01]} c5 {[%clk 00:05:07]} {[%emt 00:00:03]} 4. e3 {[%clk
00:05:10]} {[%emt 00:00:01]} Nc6 {[%clk 00:05:04]} {[%emt 00:00:06]} 5. Nbd2
{[%clk 00:05:12]} e6 {[%clk 00:05:06]} {[%emt 00:00:02]} 6. c3 {[%clk
00:05:13]} {[%emt 00:00:01]} cxd4 {[%clk 00:05:07]} {[%emt 00:00:02]} 7. exd4
{[%clk 00:05:13]} {[%emt 00:00:03]} Nh5 {[%clk 00:05:09]} {[%emt 00:00:01]} 8.
Be3 {[%clk 00:05:13]} {[%emt 00:00:03]} Bd6 {[%clk 00:05:10]} {[%emt 00:00:02]}
9. Bd3 {[%clk 00:05:05]} {[%emt 00:00:11]} Nf4 {[%clk 00:05:06]} {[%emt
00:00:07]} 10. Bxf4 {[%clk 00:05:05]} {[%emt 00:00:03]} Bxf4 {[%clk 00:05:07]}
{[%emt 00:00:02]} 11. O-O {[%clk 00:05:04]} {[%emt 00:00:03]} O-O {[%clk
00:05:06]} {[%emt 00:00:04]} 12. Qc2 {[%clk 00:04:53]} {[%emt 00:00:14]} g6
{[%clk 00:04:59]} {[%emt 00:00:10]} 13. a3 {[%clk 00:04:33]} {[%emt 00:00:23]}
e5 {[%clk 00:04:17]} {[%emt 00:00:44]} 14. dxe5 {[%clk 00:04:26]} {[%emt
00:00:11]} Bxe5 {[%clk 00:04:16]} {[%emt 00:00:05]} 15. Nxe5 {[%clk 00:03:59]}
{[%emt 00:00:29]} Nxe5 {[%clk 00:04:17]} {[%emt 00:00:02]} 16. Rae1 {[%clk
00:04:00]} {[%emt 00:00:02]} Qf6 {[%clk 00:04:11]} {[%emt 00:00:09]} 17. Re3
{[%clk 00:03:55]} {[%emt 00:00:07]} Be6 {[%clk 00:03:32]} {[%emt 00:00:41]} 18.
Nf3 {[%clk 00:03:49]} {[%emt 00:00:10]} Nxf3+ {[%clk 00:03:32]} {[%emt
00:00:03]} 19. Rxf3 {[%clk 00:03:50]} {[%emt 00:00:02]} Qh4 {[%clk 00:03:27]}
{[%emt 00:00:08]} 20. Qc1 {[%clk 00:03:36]} {[%emt 00:00:17]} Rfe8 {[%clk
00:03:20]} {[%emt 00:00:10]} 21. Rf4 {[%clk 00:03:32]} {[%emt 00:00:07]} Qg5
{[%clk 00:02:52]} {[%emt 00:00:30]} 22. Rd4 {[%clk 00:03:20]} {[%emt 00:00:15]}
Qf6 {[%clk 00:02:47]} {[%emt 00:00:08]} 23. Qd2 {[%clk 00:03:16]} {[%emt
00:00:07]} Rad8 {[%clk 00:02:32]} {[%emt 00:00:18]} 24. Bb5 {[%clk 00:03:17]}
{[%emt 00:00:03]} Rf8 {[%clk 00:02:12]} {[%emt 00:00:23]} 25. Be2 {[%clk
00:03:14]} {[%emt 00:00:05]} Rfe8 {[%clk 00:01:53]} {[%emt 00:00:22]} 26. Bf3
{[%clk 00:03:16]} {[%emt 00:00:02]} b5 {[%clk 00:01:40]} {[%emt 00:00:16]} 27.
a4 {[%clk 00:03:13]} {[%emt 00:00:06]} Rb8 {[%clk 00:01:36]} {[%emt 00:00:07]}
28. axb5 {[%clk 00:03:01]} {[%emt 00:00:15]} Rxb5 {[%clk 00:01:37]} {[%emt
00:00:01]} 29. Bxd5 {[%clk 00:03:02]} {[%emt 00:00:02]} Bxd5 {[%clk 00:01:34]}
{[%emt 00:00:06]} 30. Rxd5 {[%clk 00:03:04]} {[%emt 00:00:01]} Rxd5 {[%clk
00:01:34]} {[%emt 00:00:03]} 31. Qxd5 {[%clk 00:03:06]} {[%emt 00:00:02]} Re2
{[%clk 00:01:30]} {[%emt 00:00:07]} 32. Qa8+ {[%clk 00:02:31]} {[%emt
00:00:38]} Kg7 {[%clk 00:01:32]} {[%emt 00:00:02]} 33. Qxa7 {[%clk 00:02:32]}
{[%emt 00:00:01]} Rxb2 {[%clk 00:01:32]} {[%emt 00:00:02]} 34. Qe3 {[%clk
00:01:08]} {[%emt 00:01:27]} Rc2 {[%clk 00:01:34]} {[%emt 00:00:02]} 35. Rc1
{[%clk 00:00:44]} {[%emt 00:00:27]} Qxf2+ {[%clk 00:01:35]} {[%emt 00:00:02]}
36. Qxf2 {[%clk 00:00:46]} {[%emt 00:00:01]} Rxc1+ {[%clk 00:01:37]} 37. Qf1
{[%clk 00:00:48]} Rxf1+ {[%clk 00:01:39]} 38. Kxf1 {[%clk 00:00:50]} {[%emt
00:00:01]} Kf6 {[%clk 00:01:40]} {[%emt 00:00:01]} 39. Ke2 {[%clk 00:00:52]}
{[%emt 00:00:02]} Ke5 {[%clk 00:01:43]} {[%emt 00:00:01]} 40. Kd3 {[%clk
00:00:51]} {[%emt 00:00:04]} Kd5 {[%clk 00:01:45]} {[%emt 00:00:01]} 41. c4+
{[%clk 00:00:47]} {[%emt 00:00:07]} Kc5 {[%clk 00:01:47]} 42. Kc3 {[%clk
00:00:29]} {[%emt 00:00:21]} h5 {[%clk 00:01:25]} {[%emt 00:00:25]} 43. Kd3
{[%clk 00:00:21]} {[%emt 00:00:11]} h4 {[%clk 00:01:01]} {[%emt 00:00:27]} 44.
h3 {[%emt 00:00:17]} f5 {[%clk 00:00:55]} 45. Kc3 {[%clk 00:00:14]} {[%emt
00:00:05]} g5 {[%clk 00:00:55]} {[%emt 00:00:03]} 46. Kd3 {[%clk 00:00:16]} g4
{[%clk 00:00:57]} {[%emt 00:00:01]} 47. Ke3 {[%clk 00:00:16]} {[%emt 00:00:03]}
gxh3 {[%clk 00:00:55]} {[%emt 00:00:05]} 48. gxh3 {[%clk 00:00:16]} {[%emt
00:00:04]} Kxc4 {[%clk 00:00:56]} {[%emt 00:00:02]} 49. Kf4 {[%clk 00:00:18]}
Kd3 {[%clk 00:00:40]} {[%emt 00:00:17]} 50. Kxf5 {[%clk 00:00:19]} {[%emt
00:00:04]} Ke3 {[%clk 00:00:41]} {[%emt 00:00:02]} 51. Kg4 {[%clk 00:00:21]}
{[%emt 00:00:02]} Ke4 {[%clk 00:00:43]} {[%emt 00:00:01]} 1/2-1/2